UBT Library

The Correlated Lecture Lbaoratory In Diagnnostic Radiological Physics (Record no. 51884)

000 -LEADER
fixed length control field 00318nam a22001217a 4500
008 - FIXED-LENGTH DATA ELEMENTS--GENERAL INFORMATION
fixed length control field 181105b xxu||||| |||| 00| 0 eng d
041 ## - LANGUAGE CODE
Language code of text/sound track or separate title eng
080 ## - UNIVERSAL DECIMAL CLASSIFICATION NUMBER
Universal Decimal Classification number 616.073
100 ## - Rafti
Rafti 5
101 ## - Shkurtesa
Shkurtesa RAD
245 ## - TITLE STATEMENT
Title The Correlated Lecture Lbaoratory In Diagnnostic Radiological Physics
Statement of responsibility, etc Lmel.A.D
942 ## - ADDED ENTRY ELEMENTS (KOHA)
Source of classification or shelving scheme
Item type Books

No items available.

UBT Library © 2015-2024. All rights reserved University Education for Business and Technology